LEADER 02449nam 2200433 450 001 9910467696803321 005 20200520144314.0 010 $a1-60491-805-5 035 $a(CKB)4340000000206503 035 $a(MiAaPQ)EBC5089159 035 $a(CaSebORM)9781604918052 035 $a(Au-PeEL)EBL5089159 035 $a(CaPaEBR)ebr11449855 035 $a(OCoLC)1006404724 035 $a(EXLCZ)994340000000206503 100 $a20171030h20132013 uy 0 101 0 $aspa 135 $aurcnu|||||||| 181 $2rdacontent 182 $2rdamedia 183 $2rdacarrier 200 00$aManeje todos los aspectos de su vida /$fMarian N. Ruderman [and three others] 205 $a1st edition 210 1$aGreensboro, North Carolina :$cCenter for Creative Leadership,$d2013. 210 4$d©2013 215 $a1 online resource (31 pages) 225 0 $aManual "Ideas En Accion" 330 $aSaber manejar los límites entre el trabajo y la vida personal es esencial para optimizar la productividad y la eficacia tanto en el trabajo como en el hogar. Si estos límites no son claros o no logra manejarlos bien, puede encontrarse con un sinnúmero de problemas, como errores en el trabajo, falta de coordinación organizacional, y mayor estrés y tensión. Los líderes exitosos emplean diferentes técnicas para abordar todos los aspectos de su vida; por ejemplo, establecer límites claros, emplear una buena administración del tiempo, manejar las transiciones entre los roles laborales y los roles familiares, y utilizar metas como una manera de organizar su vida. Para comprender cuál es su situación actual ante la división trabajo-vida personal, debe analizar sus comportamientos (lo que habitualmente hace), su identidad (dónde prefiere invertir su tiempo y su energía) y el control percibido (su capacidad de decidir cuándo, dónde y cómo ocuparse de sus responsabilidades laborales y familiares). Al combinar los datos de estas tres categorías, podrá diseñar un plan de desarrollo integral que le permitirá lograr sus objetivos tanto en su casa como en su trabajo, para que pueda tener una vida plena y exitosa. 606 $aLife skills 608 $aElectronic books. 615 0$aLife skills. 676 $a646.7 801 0$bMiAaPQ 801 1$bMiAaPQ 801 2$bMiAaPQ 906 $aBOOK 912 $a9910467696803321 996 $aManeje todos los aspectos de su vida$92170125 997 $aUNINA LEADER 04219nam 22005173 450 001 9910888073003321 005 20251116150245.0 010 $a9783428573967 010 $a342857396X 035 $a(CKB)5690000000011538 035 $a(MiAaPQ)EBC7101331 035 $a(Au-PeEL)EBL7101331 035 $a(OCoLC)1347024886 035 $a(Exl-AI)7101331 035 $a(EXLCZ)995690000000011538 100 $a20221219d2022 uy 0 101 0 $ager 135 $aurcnu|||||||| 181 $ctxt$2rdacontent 182 $cc$2rdamedia 183 $acr$2rdacarrier 200 10$aGeschichte der Modernen Gemeindebetriebe in Italien $eGemeindebetriebe - Neuere Versuche und Erfahrungen über Die Ausdehnung der Kommunalen Tätigkeit in Deutschland und Im Ausland. III. Band, 2. Teil. Im Auftr. des Ver. Für Socialpol. Hrsg. Von Carl J. Fuchs. (Schriften des Vereins Für Socialpolitik 130-II) 205 $a1st ed. 210 1$aBerlin :$cDuncker & Humblot,$d2022. 210 4$d©1909. 215 $a1 online resource (262 pages) 225 1 $aDuncker & Humblot reprints 311 08$a9783428173969 311 08$a3428173961 327 $aInhaltsverzeichnis -- I. Einleitung -- 1. Die Entwicklung der Munizipalisationsbewegung in Italien und ihre Theorie -- 2. Die Stellung der Gemeindebetriebe in der italienischen Gesetzgebung -- II. Die kommunale Lebensmittelindustrie, Markt- und Schlachthauswesen -- A. Die kommunale Brotfabrikation und Mühlenindustrie -- 1. Die städtische Fürsorge für Mehl und Brot in früheren Jahrhunderten -- 2. Das Ende der kommunalen Herrschaft über die Brotindustrie -- 3. Die kommunalen Mühlenbetriebe in der Mitte des vorigen Jahrhunderts -- 4. Das Wiedererwachen der kommunalen Betätigung in der Brotindustrie -- 5. Die Gemeindebacköfen zur Bekämpfung der Pellagra -- 6. Die ersten Ansätze zur Munizipalisierung der Brotfabrikation im modernen Italien -- a) Städtische Bäckereien in Italien vor 1900 -- b) Die Brotpreise in der privaten Bäckereiindustrie -- c) Die Technik der privaten Brotbereitung -- d) Die Hygiene in der privaten Brotfabrikation und die Lage der Bäckereiarbeiter -- e) Die Entwürfe zur Errichtung kommunaler Bäckereien -- 7. Die städtische Brotfabrik in Catania -- 8. Die gegenwärtig in Betrieb befindlichen Gemeindebäckereien -- B. Die kommunalen Schulküchen -- C. Die kommunale Fleischversorgung -- 1. Die städtischen Viehmärkte -- 2. Die städtischen Schlachthäuser -- 3. Die städtischen Fleischerläden -- D. Die kommunale Eisfabrikation -- E. Die kommunale Weinkellerei in Canneto Pavese -- F. Das städtische Marktwesen -- III. Kommunale Betriebe zur Pflege der Volkshygiene und zur Bekämpfung von Krankheiten -- A. Die kommunalen Wasserleitungen -- B. Kommunale Kanalisationsanlagen, Abfuhrinstitute und Bedürfnisanstalten$7Generated by AI. 330 $aThe book examines the historical development and theory of municipal activities in modern Italy. It explores the evolution of municipal governance and public enterprises from the late 19th to early 20th century, highlighting the challenges and reforms in local autonomy and public health, food supply, and infrastructure. The narrative outlines the role of the Associazione Nazionale dei Comuni Italiani in advocating for municipal autonomy and addresses the socio-political dynamics influencing urban management. The book is intended for scholars, historians, and policymakers interested in Italian municipal history and public administration.$7Generated by AI. 410 0$aDuncker & Humblot reprints 517 $aGeschichte der modernen Gemeindebetriebe in Italien 606 $aMunicipal government$zItaly$7Generated by AI 606 $aLocal government$zItaly$7Generated by AI 615 0$aMunicipal government 615 0$aLocal government 700 $aFuchs$b Carl Johannes$0148514 701 $aMichels-Lindner$b Gisela$01769595 801 0$bMiAaPQ 801 1$bMiAaPQ 801 2$bMiAaPQ 906 $aBOOK 912 $a9910888073003321 996 $aGeschichte der modernen Gemeindebetriebe in Italien$94241362 997 $aUNINA